| 000 | 01486nam a2200265Ia 4500 | ||
|---|---|---|---|
| 999 |
_c41548 _d41548 |
||
| 001 | 8216 | ||
| 003 | GE_BSU | ||
| 005 | 20240415173434.0 | ||
| 008 | 181216s2013||||ge |||||||||||||| ||geo|| | ||
| 020 | _a9789941934384 | ||
| 040 | _cGE_BSU | ||
| 041 | _ageo | ||
| 080 | _a343(075.8) ს-323 | ||
| 245 |
_aსაქართველოს სისხლის სამართლის პროცესი : _bკერძო ნაწილი / _cავტ. : მ. მამნიაშვილი, ჯ. გახოკიძე, ი. აქუბარდია [და სხვ.] ; რედ. : მიხეილ მამნიაშვილი [და სხვ.]. |
||
| 250 | _aმე-2 გამოცემა | ||
| 264 |
_aთბილისი : _bიურისტების სამყარო, _c2013. |
||
| 300 |
_a379 გვ. ; _c21 სმ. |
||
| 504 | _aბიბლიოგრაფია ტექსტების შენიშნებში და გვ. 370-378 | ||
| 653 | _aსაქართველოს სისხლის სამართლის პროცესი | ||
| 700 |
_aმამნიაშვილი, მ. _eავტორი _911931 |
||
| 700 |
_aგახოკიძე, ი. _eავტორი _921796 |
||
| 700 |
_aაქუბარდია, ი. _eავტორი _921797 |
||
| 700 |
_aმამნიაშვილი, მიხეილ _eრედაქტორი _98217 |
||
| 942 |
_cBK _2udc |
||